Economía internacional (Registro nro. 4265)
[ vista simple ]
| 000 -LEADER | |
|---|---|
| fixed length control field | 02569 a2200289 4500 |
| 001 - CONTROL NUMBER | |
| control field | 47000 |
| 005 - DATE AND TIME OF LATEST TRANSACTION | |
| control field | 20260407155739.0 |
| 008 - FIXED-LENGTH DATA ELEMENTS--GENERAL INFORMATION | |
| fixed length control field | 260407a1999 arg spa d |
| 003 - CONTROL NUMBER IDENTIFIER | |
| control field | AR-UNSa-BCEJYS |
| 040 ## - CATALOGING SOURCE | |
| Original cataloging agency | AR-UNSa-BCEJYS |
| Language of cataloging | spa |
| Transcribing agency | AR-UNSa-BCEJYS |
| 080 ## - UNIVERSAL DECIMAL CLASSIFICATION NUMBER | |
| Universal Decimal Classification number | 339.9 |
| Common auxiliary subdivision | Economía internacional en general. Relaciones económicas internacionales. Economía mundial |
| 020 ## - INTERNATIONAL STANDARD BOOK NUMBER | |
| International Standard Book Number | 84-481-2481-2 |
| 041 ## - LANGUAGE CODE | |
| Language code of text/sound track or separate title | spa |
| 100 1# - MAIN ENTRY--PERSONAL NAME | |
| Personal name | Tugores Ques, Juan |
| 245 10 - TITLE STATEMENT | |
| Title | Economía internacional |
| Name of part/section of a work | teoría y política |
| 250 ## - EDITION STATEMENT | |
| Edition statement | 4a. ed. |
| 264 #1 - PRODUCTION, PUBLICATION, DISTRIBUTION, MANUFACTURE, AND COPYRIGHT NOTICE | |
| Place of production, publication, distribution, manufacture | Madrid : |
| Name of producer, publisher, distributor, manufacturer | McGraw-Hill |
| Date of production, publication, distribution, manufacture, or copyright notice | 1999 |
| 300 ## - PHYSICAL DESCRIPTION | |
| Extent | xxiv, 629 p. |
| Dimensions | 20 cm. |
| 505 ## - FORMATTED CONTENTS NOTE | |
| Formatted contents note | 1. Introducción - - Parte I : TEORÍA DEL COMERCIO INTERNACIONAL : 2. Productividad del trabajo y ventajas comparativa : el modelo ricardiano - 3. Factores específicos y distribución de la renta - 4. Dotación de recursos y comercio : el modelo heckscher-ohlin - 5. El modelo estándar de comercio - 6. Economías de escala, competencia imperfecta internacional - 7. Los movimientos internacionales de factores - - Parte II : POLÍTICA COMERCIAL INTERNACIONAL :8. Los instrumentos de la política comercial - 9. La economía política de la política comercial - 10. La política comercial en los países en vías de desarrollo - 11. Políticas comerciales estratégicas en los países avanzados -- Parte III : TIPOS DE CAMBIOS Y MACROECONOMÍA DE UNA ECONOMÍA ABIERTA : 12. La contabilidad nacional y la balanza de pagos - 13. Los tipos de cambio y el mercado de divisas : un enfoque de activos - 14. El dinero, los tipos de interés y los tipos de cambios - 15. El nivel de precio y el tipo de cambio a largo plazo - 16. El producto nacional y el tipo de cambio a corto plazo - 17. Los tipos de cambio fijos y la intervención en los mercados de divisas - - Parte IV : LA POLÍTICA MACROECONÓMICA INTERNACIONAL : 18. El sistema monetario internacional, 1870-1973 - 19. La política macroeconómica y la coordinación con tipos de cambios flotantes - 20. Áreas monetarias óptimas y la experiencia europea - 21. El mercado global de capitales : funcionamiento y problemas - 22. Los países en vía de desarrollo : deuda, estabilización y reforma - 23. Problemas económicos internacionales de los antiguos países comunistas. |
| 590 ## - LOCAL NOTE (RLIN) | |
| Local note | niveau_biblio:m niveau_hierar:0 |
| 700 1# - ADDED ENTRY--PERSONAL NAME | |
| Personal name | Obstfeld, Maurice |
| 700 1# - ADDED ENTRY--PERSONAL NAME | |
| Personal name | Krugman, Paul R. |
| 700 1# - ADDED ENTRY--PERSONAL NAME | |
| Personal name | Lladós, Josep |
| 700 1# - ADDED ENTRY--PERSONAL NAME | |
| Personal name | Paluzie, Elisenda |
| 856 41 - ELECTRONIC LOCATION AND ACCESS | |
| Uniform Resource Identifier | <a href="https://www.biblioeco.unsa.edu.ar/pmb/images/libros/L127364.jpg">https://www.biblioeco.unsa.edu.ar/pmb/images/libros/L127364.jpg</a> |
| Link text | Imagen de portada |
| Electronic format type | image/jpeg |
| 942 ## - ADDED ENTRY ELEMENTS (KOHA) | |
| Koha item type | |
| Withdrawn status | Lost status | Damaged status | Not for loan | Home library | Current library | Shelving location | Date acquired | Total checkouts | Full call number | Barcode | Date last seen | Price effective from | Koha item type |
|---|---|---|---|---|---|---|---|---|---|---|---|---|---|
| Biblioteca Prof. Eusebio Cleto del Rey | Biblioteca Prof. Eusebio Cleto del Rey | 07/04/2026 | 339.9 K94 4ed. | L127364 | 07/04/2026 | 07/04/2026 | Libro |